Abecední rejstřík mezinárodního desetinného třídení

Bibliographic Details
Main Author: Arnošt, Arnošt (apd)
Format: Book
Language:Czech
PhysicalDescription:3, 286 s. 4°
Published: Praha UVTEI 1968

MARC

LEADER 00000nam a2200000 a 4500
001 vtls001151905
003 SK-MaSNL
005 20260331202806.0
008 250414s1968 CS 0 cze
035 |a SNK000094787 
040 |a SNK  |b slo  |c SNK  |e AACR2 
041 0 |a cze 
044 |a [CS] 
100 1 |a Arnošt, Arnošt  |4 apd  |9 378525 
245 1 0 |a Abecední rejstřík mezinárodního desetinného třídení  |c Zprac. Arnošt Arnošt 
260 |a Praha  |b UVTEI  |c 1968 
300 |a 3, 286 s.  |c 4° 
852 |a Slovenská národná knižnica 
958 |a OND 
999 |c 623220  |d 625150 
952 |a SNK  |b SNK  |y VYP  |7 0  |p 17A0761849  |o snkIB 28970  |i snkK 2451/73  |8 3  |0 0  |1 0  |4 0  |d 2012-01-10  |l 0  |r 2026-02-23 17:01:47  |w 2026-02-23